000 00483nam a2200205Ia 4500
005 20250425160914.0
008 250425s9999 xx 000 0 und d
020 _a0901223859
041 _aeng
082 _a621.3191
100 _aBICKFORD, J. P.
245 0 _aCOMPUTATION OF POWER SYSTEM TRANSIENTS
250 _aS.E.
260 _aLONDON
260 _aReino Unido
_bPETER PEREGRINUS
_c1976
300 _a176
700 _aMULLINEUX, N
942 _c01
010 _a8040
999 _c198574
_d198574